| 000 | 00519nam a2200181 4500 | ||
|---|---|---|---|
| 001 | 126018 | ||
| 003 | ES-MaACL | ||
| 005 | 20250908233747.0 | ||
| 007 | t| | ||
| 008 | 070214s1922 sp r ||||1| spa d | ||
| 100 | 1 |
_aReiche, F. _995954 |
|
| 245 | 1 | 0 |
_aTeorĂa de los quanta / _cF. Reiche ; traducido por Julio Palacios. |
| 260 |
_aMadrid [etc.] : _bCalpe, _c1922. |
||
| 300 |
_a229 p. : _bil. ; _c22 cm. |
||
| 700 | 1 |
_aPalacios, Julio, _d1891-1970 _988408 |
|
| 852 |
_aES-MaACL _jF-6582 |
||
| 999 |
_c126018 _d126018 |
||